Country by Unique Letter Length Quiz Stats

 Plays Quiz Updated Feb 28, 2018

Challenge
Share
Tweet
Embed
Score 0/52 Timer 05:00
11 Plays Today
Starting Letter Country % Correct
OOman
85.5%
QQatar
85.2%
DDenmark
84%
FFiji
83%
FFrance
81.8%
YYemen
80.4%
LLaos
80.3%
JJapan
77%
MMali
77%
PPeru
76.7%
ZZimbabwe
75.3%
HHaiti
74.6%
ZZambia
74.2%
FFinland
72.3%
TTogo
70.9%
IIndonesia
67.8%
AAzerbaijan
66.4%
UUzbekistan
66.2%
VVenezuela
66.2%
EEgypt
64.5%
HHonduras
64.2%
JJordan
64%
KKenya
63.8%
JJamaica
63.3%
UUganda
62.5%
BBenin
61.6%
Starting Letter Country % Correct
LLuxembourg
59.1%
LLiechtenstein
59%
LLithuania
59%
PPalau
58.8%
LLatvia
58.1%
HHungary
55.1%
LLibya
53.5%
AAfghanistan
53.5%
GGuatemala
52.7%
AAngola
52%
RRomania
51.6%
IIsrael
50.9%
TTurkmenistan
50.1%
KKiribati
50.1%
MMalta
49.6%
TTonga
47.8%
NNicaragua
44.1%
NNetherlands
43.7%
PPhilippines
42.9%
NNorway
42.1%
BBangladesh
40.5%
SSwitzerland
39.9%
GGuinea-Bissau
36.5%
SSeychelles
25.8%
TTunisia
23.6%
PPalestine
23.2%

You're not logged in!

Compare scores with friends on all Sporcle quizzes.
OR
Log In

You Might Also Like...

Show Comments

Extras

Top Quizzes Today


Score Distribution

Your Account Isn't Verified!

In order to create a playlist on Sporcle, you need to verify the email address you used during registration. Go to your Sporcle Settings to finish the process.

Report this User

Report this user for behavior that violates our Community Guidelines.

Details: